Struggling with history : (Record no. 60299)

MARC details
000 -LEADER
fixed length control field 01029cam a2200313 a 4500
001 - CONTROL NUMBER
control field 14853800
005 - DATE AND TIME OF LATEST TRANSACTION
control field 20260330081209.0
008 - FIXED-LENGTH DATA ELEMENTS--GENERAL INFORMATION
fixed length control field 070517s2008 nyuab b 001 0 eng
010 ## - LIBRARY OF CONGRESS CONTROL NUMBER
LC control number 2007020790
020 ## - INTERNATIONAL STANDARD BOOK NUMBER
International Standard Book Number 9781850658696
020 ## - INTERNATIONAL STANDARD BOOK NUMBER
International Standard Book Number 0231700245
020 ## - INTERNATIONAL STANDARD BOOK NUMBER
International Standard Book Number 0231700237
035 ## - SYSTEM CONTROL NUMBER
System control number 14853800
035 ## - SYSTEM CONTROL NUMBER
System control number (OCoLC)132585296
040 ## - CATALOGING SOURCE
Original cataloging agency DLC
Transcribing agency DLC
Modifying agency BAKER
-- BTCTA
-- YDXCP
-- C#P
-- IXA
-- DLC
050 00 - LIBRARY OF CONGRESS CALL NUMBER
Classification number DS339
Item number .S77 2007
082 00 - DEWEY DECIMAL CLASSIFICATION NUMBER
Classification number 303.48/21824
Edition number 22
245 00 - TITLE STATEMENT
Title Struggling with history :
Remainder of title Islam and cosmopolitanism in the Western Indian Ocean /
260 ## - PUBLICATION, DISTRIBUTION, ETC. (IMPRINT)
Place of publication, distribution, etc New York :
Name of publisher, distributor, etc Columbia University Press,
Date of publication, distribution, etc c2007.
300 ## - PHYSICAL DESCRIPTION
Extent xxii, 377 p. :
Other physical details ill., maps ;
Dimensions 23 cm.
440 #0 - SERIES STATEMENT/ADDED ENTRY--TITLE
Title Society and history in the Indian ocean
504 ## - BIBLIOGRAPHY, ETC. NOTE
Bibliography, etc Includes bibliographical references and index.
650 #0 - SUBJECT ADDED ENTRY--TOPICAL TERM
Topical term or geographic name as entry element Islam and culture.
650 #0 - SUBJECT ADDED ENTRY--TOPICAL TERM
Topical term or geographic name as entry element Cosmopolitanism
Geographic subdivision Indian Ocean Region.
700 1# - ADDED ENTRY--PERSONAL NAME
Personal name Simpson, Edward,
Dates associated with a name 1971-
700 1# - ADDED ENTRY--PERSONAL NAME
Personal name Kresse, Kai.
906 ## - LOCAL DATA ELEMENT F, LDF (RLIN)
a 7
b cbc
c orignew
d 1
e ecip
f 20
g y-gencatlg
942 ## - ADDED ENTRY ELEMENTS (KOHA)
Source of classification or shelving scheme Library of Congress Classification
Item type Book
Holdings
Withdrawn status Lost status Source of classification or shelving scheme Damaged status Not for loan Collection code Home library Current library Shelving location Date acquired Source of acquisition Total Checkouts Full call number Barcode Date last seen Copy number Price effective from Koha item type
    Library of Congress Classification     Non-fiction Bishop Okullu Memorial Library (Limuru Campus) Bishop Okullu Memorial Library (Limuru Campus) Processing Center 30/03/2026 Donation- Pittsburgh   DS339 .S77 2007 073262 30/03/2026 1 30/03/2026 Book